[Event "Olimpiade 2022 - Open"]
[Site "Chennai"]
[Date "07.08.2022"]
[Round "9.32"]
[Board "2"]
[White "Berend, Elvira"]
[Black "Avila Pavas, Santiago"]
[Result "0-1"]
[WhiteTitle "WGM"]
[BlackTitle "IM"]
[WhiteElo "2333"]
[BlackElo "2453"]
[WhiteTeam "Luxembourg"]
[BlackTeam "Colombia"]
[WhiteFideId "4000510"]
[BlackFideId "4437128"]
[EventDate "2022.07.29"]

1. e4 c6 2. d4 d5 3. e5 Bf5 4. Nf3 e6 5. Be2 c5 6. O-O Nc6 7. Be3 Qb6 8. Nc3
Qxb2 9. Nb5 c4 10. Nc7+ Kd7 11. Nxa8 Bxc2 12. Qc1 Ba3 13. Ne1 Bg6 14. Qd1 Nge7
15. Nd3 Qb5 16. Nf4 Rxa8 17. Nxg6 hxg6 18. Rb1 Qa6 19. g4 b5 20. Kg2 Bb4 21. Qc2
Ba5 22. h4 Bb6 23. Rfd1 Rh8 24. Kg3 b4 25. Bf1 Qa3 26. Qb2 Qxb2 27. Rxb2 a5 28.
Be2 a4 29. Rc1 Rc8 30. Bd1 Ra8 31. f4 Ra7 32. Rcb1 Kc7 33. Rxb4 Nxb4 34. Rxb4 a3
35. Ra4 Nc6 36. Rxa7+ Bxa7 37. Bc1 Nxd4 38. Bxa3 c3 39. Ba4 c2 40. Kh3 Bc5 41.
Bb2 Bb4 42. h5 Bd2 0-1

[Event "Olimpiade 2022 - Open"]
[Site "Chennai"]
[Date "07.08.2022"]
[Round "9.32"]
[Board "4"]
[White "Gengler, Pierre"]
[Black "Valderrama Quiceno, Esteban Alb"]
[Result "0-1"]
[BlackTitle "IM"]
[WhiteElo "2194"]
[BlackElo "2436"]
[WhiteTeam "Luxembourg"]
[BlackTeam "Colombia"]
[WhiteFideId "4000714"]
[BlackFideId "4442024"]
[EventDate "2022.07.29"]

1. g3 d5 2. Bg2 e5 3. d4 exd4 4. Nf3 c5 5. O-O Nf6 6. b4 cxb4 7. Nxd4 Be7 8. Bf4
O-O 9. c3 Nc6 10. Nxc6 bxc6 11. cxb4 Bxb4 12. Qa4 Qb6 13. Nd2 c5 14. Rab1 Qa6
15. Qc2 Qxe2 16. Rfe1 Qh5 17. Re5 Qg6 18. Qxg6 hxg6 19. Nb3 Bf5 20. Rc1 Ba3 21.
Rce1 Be6 22. Bg5 Rfe8 23. h3 a5 24. Nc1 c4 25. Ne2 Bb2 26. Re3 Nh7 27. Bf4 Rad8
28. Bc7 Rd7 29. Bxa5 d4 30. Re5 Rc8 31. Be4 Nf6 32. Bb1 Nd5 33. Be4 d3 34. Bxd5
Bxe5 35. Bxe6 fxe6 36. Nc3 Bxc3 37. Bxc3 d2 38. Rd1 Rd3 0-1

[Event "Olimpiade 2022 - Open"]
[Site "Chennai"]
[Date "07.08.2022"]
[Round "9.33"]
[Board "1"]
[White "Chavez, Ricardo Ernesto"]
[Black "Pasko, Llambi"]
[Result "0-1"]
[WhiteTitle "FM"]
[BlackTitle "IM"]
[WhiteElo "2179"]
[BlackElo "2418"]
[WhiteTeam "El Salvador"]
[BlackTeam "Albania"]
[WhiteFideId "6700098"]
[BlackFideId "4701178"]
[EventDate "2022.07.29"]

1. e4 e5 2. Nf3 Nc6 3. Bb5 a6 4. Ba4 Nf6 5. Qe2 b5 6. Bb3 Bc5 7. c3 d6 8. O-O
O-O 9. d3 h6 10. Be3 Bxe3 11. fxe3 Be6 12. Nbd2 Bxb3 13. Nxb3 a5 14. a3 Rb8 15.
Rad1 Nd7 16. g4 g6 17. Qg2 Qe7 18. Kh1 Kg7 19. Rf2 Rh8 20. Rdf1 Rbf8 21. Nc1 b4
22. axb4 axb4 23. Ne2 Nc5 24. Rd1 Qe6 25. c4 b3 26. Nh4 Nb4 27. Nc1 Ra8 28. d4
exd4 29. exd4 Nxe4 30. Re2 Rhe8 31. Rde1 Ra1 32. d5 Qe7 33. Qh3 Nf2+ 34. Rxf2
Qxe1+ 35. Rf1 Qe4+ 36. Ng2 Nd3 0-1

[Event "Olimpiade 2022 - Open"]
[Site "Chennai"]
[Date "07.08.2022"]
[Round "9.33"]
[Board "2"]
[White "Ashiku, Franc"]
[Black "Burgos Figueroa, Carlos E."]
[Result "0-1"]
[WhiteTitle "IM"]
[BlackTitle "IM"]
[WhiteElo "2422"]
[BlackElo "2164"]
[WhiteTeam "Albania"]
[BlackTeam "El Salvador"]
[WhiteFideId "4700066"]
[BlackFideId "6700187"]
[EventDate "2022.07.29"]

1. d4 Nf6 2. c4 c5 3. d5 b5 4. cxb5 a6 5. bxa6 g6 6. Nc3 Bg7 7. Nf3 O-O 8. e4 d6
9. Be2 Qa5 10. O-O Bxa6 11. Bd2 Bxe2 12. Qxe2 Qa6 13. Qd1 Nbd7 14. Qc2 Rfb8 15.
a4 Qc4 16. Ra3 Ng4 17. b3 Qa6 18. Na2 Qe2 19. Nc1 Qa6 20. Nd3 Rc8 21. Rc1 Rab8
22. Be1 Ngf6 23. Nd2 Nb6 24. a5 Na8 25. Qc4 Nc7 26. Qxa6 Nxa6 27. f3 Nd7 28. Nc4
Rb5 29. Kf1 Rcb8 30. Rb1 Bd4 31. Ke2 f5 32. Nc1 Nf6 33. Kd3 fxe4+ 34. fxe4 Ng4
35. h3 Ne5+ 36. Nxe5 Bxe5 37. Ra4 Nb4+ 38. Kc4 Na6 39. Nd3 Bd4 40. Bc3 Bxc3 41.
Kxc3 R5b7 42. Kc4 Kf7 43. e5 Ke8 44. e6 Kf8 45. b4 cxb4 46. Rbxb4 Rc7+ 47. Kd4
Nxb4 48. Nxb4 Rc1 49. a6 Rb1 50. Kc3 Rc1+ 51. Kb2 Rc5 52. a7 Ra8 53. Nc6 Rb5+
54. Ka3 Rxd5 55. Rb4 Kg7 56. Kb3 Rd1 57. Rb8 Rxa7 58. Kc2 Raa1 0-1

[Event "Olimpiade 2022 - Open"]
[Site "Chennai"]
[Date "07.08.2022"]
[Round "9.34"]
[Board "1"]
[White "Keinanen, Toivo"]
[Black "Lim, Zhuo Ren"]
[Result "1-0"]
[WhiteTitle "IM"]
[BlackTitle "FM"]
[WhiteElo "2477"]
[BlackElo "2318"]
[WhiteTeam "Finland"]
[BlackTeam "Malaysia"]
[WhiteFideId "509825"]
[BlackFideId "5702488"]
[EventDate "2022.07.29"]

1. d4 Nf6 2. Nf3 e6 3. e3 d5 4. Bd3 c5 5. c3 Nbd7 6. Nbd2 b6 7. O-O Bb7 8. Ne5
Nxe5 9. dxe5 Nd7 10. f4 Be7 11. Qh5 g6 12. Qh6 Bf8 13. Qh3 c4 14. Bc2 Nc5 15. e4
Bg7 16. exd5 Qxd5 17. b4 cxb3 18. axb3 a5 19. Nc4 Rd8 20. Nxb6 Qc6 21. Nc4 a4
22. Na5 Qa6 23. Nxb7 Qxb7 24. bxa4 O-O 25. Be3 Rc8 26. Bd4 Rfd8 27. Rfb1 Qa6 28.
Qe3 Bf8 29. a5 Rc6 30. Bd1 Rdc8 31. Bf3 R6c7 32. Rb6 Qc4 33. Rb4 Qa6 34. Be2 Qc6
35. Rb6 Qd5 36. Rb5 Qc6 37. Qf3 Qd7 38. h3 h5 39. Kh2 h4 40. Qe3 Qc6 41. a6 Ra8
42. Raa5 1-0

[Event "Olimpiade 2022 - Open"]
[Site "Chennai"]
[Date "07.08.2022"]
[Round "9.34"]
[Board "2"]
[White "Wong, Yinn Long"]
[Black "Sklyarov, Dmitry V."]
[Result "1-0"]
[WhiteTitle "FM"]
[BlackTitle "IM"]
[WhiteElo "2381"]
[BlackElo "2474"]
[WhiteTeam "Malaysia"]
[BlackTeam "Finland"]
[WhiteFideId "5707684"]
[BlackFideId "4157052"]
[EventDate "2022.07.29"]

1. e4 g6 2. Nc3 Bg7 3. d4 c6 4. Nf3 d5 5. h3 dxe4 6. Nxe4 Nf6 7. Nxf6+ exf6 8.
Bd3 O-O 9. O-O a5 10. Re1 Na6 11. c4 Nb4 12. Bf4 Nxd3 13. Qxd3 Bf5 14. Qb3 Qd7
15. Rad1 b5 16. cxb5 Be6 17. d5 cxd5 18. a4 d4 19. Qa3 Qb7 20. Nxd4 Bd5 21. Re7
Qb6 22. Bc7 Qb7 23. Bxa5 Qc8 24. Bb4 Rd8 25. Nc6 Bxc6 26. Rxd8+ Qxd8 27. bxc6
Qd1+ 28. Kh2 Qc1 29. Qb3 Rf8 30. Bc3 Bh6 31. Qd5 Qf4+ 32. Kg1 Qxa4 33. Bxf6 Qf4
34. Bc3 Bg7 35. Re4 Qc1+ 36. Re1 Qc2 37. Bxg7 Kxg7 38. b4 Ra8 39. b5 Ra2 40.
Qd4+ Kh6 41. Qe3+ 1-0

[Event "Olimpiade 2022 - Open"]
[Site "Chennai"]
[Date "07.08.2022"]
[Round "9.34"]
[Board "3"]
[White "Sipila, Vilka"]
[Black "Tan, Jun Ying"]
[Result "1-0"]
[WhiteTitle "IM"]
[BlackTitle "CM"]
[WhiteElo "2416"]
[BlackElo "2191"]
[WhiteTeam "Finland"]
[BlackTeam "Malaysia"]
[WhiteFideId "505455"]
[BlackFideId "5710413"]
[EventDate "2022.07.29"]

1. d4 Nf6 2. c4 e5 3. dxe5 Ng4 4. Bf4 Bb4+ 5. Nd2 d6 6. exd6 Qf6 7. Nh3 Nxf2 8.
Kxf2 Bxh3 9. g3 Bf5 10. e4 Bc5+ 11. Kg2 Bd7 12. dxc7 Na6 13. Nb3 Bc6 14. Be2 g5
15. Nxc5 Nxc5 16. Be3 Bxe4+ 17. Bf3 Qxb2+ 18. Kh3 g4+ 19. Bxg4 Bg2+ 20. Kh4 Bxh1
21. Bxc5 Qf6+ 22. Kh3 Qh6+ 23. Bh5 Be4 24. Qg4 Qc6 25. Re1 Qxc5 26. Qe6+ Qe7 27.
c8=Q+ Rxc8 28. Qxc8+ 1-0

[Event "Olimpiade 2022 - Open"]
[Site "Chennai"]
[Date "07.08.2022"]
[Round "9.34"]
[Board "4"]
[White "Poh, Yu Tian"]
[Black "Koykka, Pekka"]
[Result "1-0"]
[BlackTitle "FM"]
[WhiteElo "2118"]
[BlackElo "2361"]
[WhiteTeam "Malaysia"]
[BlackTeam "Finland"]
[WhiteFideId "5734088"]
[BlackFideId "504319"]
[EventDate "2022.07.29"]

1. e4 e6 2. d4 d5 3. Nc3 Bb4 4. e5 c5 5. a3 Bxc3+ 6. bxc3 Qa5 7. Bd2 Qa4 8. Qb1
c4 9. h4 Nc6 10. h5 h6 11. Ne2 Bd7 12. Nf4 O-O-O 13. g3 Nge7 14. Bh3 Kb8 15. O-O
Nc8 16. Qb2 Nb6 17. Rfb1 Rhe8 18. Ng2 Ka8 19. Ne3 Re7 20. f4 f6 21. Kg2 Be8 22.
Bg4 fxe5 23. fxe5 Qa5 24. Qc1 Na4 25. Bf3 Rf7 26. Qe1 Rf8 27. Qe2 Bf7 28. Rf1
Bg8 29. Kh2 Rfe8 30. Bg4 Nb6 31. Bf3 Qa4 32. Bg2 Re7 33. Be1 Nd7 34. g4 Rf8 35.
Bh4 Ree8 36. Rxf8 Nxf8 37. Qf1 Qa5 38. Qe1 Nh7 39. a4 Rc8 40. Nd1 Rf8 41. Nf2
Bf7 42. Qe3 Qb6 43. Qc1 Qc7 44. Nh3 Bg8 45. Qa3 Rf7 46. Qc5 Qb8 47. Kh1 Qe8 48.
a5 a6 49. Kg1 Nf8 50. Bg3 Qd8 51. Kh2 Bh7 52. Nf4 Rd7 53. Rf1 Ne7 54. Bh4 Qe8
55. Bxe7 Rxe7 56. Nxe6 1-0

[Event "Olimpiade 2022 - Open"]
[Site "Chennai"]
[Date "07.08.2022"]
[Round "9.35"]
[Board "1"]
[White "Tin, Jingyao"]
[Black "Lee, Jun Hyeok"]
[Result "0-1"]
[WhiteTitle "IM"]
[BlackTitle "IM"]
[WhiteElo "2552"]
[BlackElo "2390"]
[WhiteTeam "Singapore"]
[BlackTeam "South Korea"]
[WhiteFideId "5804418"]
[BlackFideId "13202340"]
[EventDate "2022.07.29"]

1. d4 Nf6 2. c4 e6 3. Nf3 d5 4. Nc3 c5 5. cxd5 Nxd5 6. e4 Nxc3 7. bxc3 cxd4 8.
cxd4 Bb4+ 9. Bd2 Bxd2+ 10. Qxd2 O-O 11. Bc4 Nd7 12. O-O b6 13. Rad1 Bb7 14. Rfe1
Rc8 15. Bb3 Re8 16. Re3 Nf6 17. d5 exd5 18. e5 Ne4 19. Qe1 Qc7 20. Nd4 Qc5 21.
h4 b5 22. a3 Qb6 23. f3 Nc5 24. Kh1 g6 25. h5 Ne6 26. Qh4 Nxd4 27. Rxd4 Rc1+ 28.
Kh2 a5 29. Qf4 Qc5 30. Red3 Re1 31. hxg6 hxg6 32. Qh6 Qf8 33. Qxf8+ Kxf8 34. f4
Re4 35. Rxe4 dxe4 36. Rd6 e3 37. Rd3 e2 38. Re3 a4 39. Bc2 Rc8 40. Rxe2 Rc3 41.
Rd2 Rxa3 42. Rd7 Bc6 43. Rc7 Bd5 44. g4 Ra2 45. Kg3 Rxc2 46. Rxc2 a3 47. Rc8+
Kg7 48. Rc7 a2 49. Ra7 b4 50. f5 gxf5 51. gxf5 b3 52. e6 b2 53. Rxf7+ Kg8 0-1

[Event "Olimpiade 2022 - Open"]
[Site "Chennai"]
[Date "07.08.2022"]
[Round "9.35"]
[Board "2"]
[White "Kwon, Sehyun"]
[Black "Siddharth, Jagadeesh"]
[Result "1/2-1/2"]
[WhiteTitle "CM"]
[BlackTitle "IM"]
[WhiteElo "2225"]
[BlackElo "2426"]
[WhiteTeam "South Korea"]
[BlackTeam "Singapore"]
[WhiteFideId "13203088"]
[BlackFideId "5818320"]
[EventDate "2022.07.29"]

1. e4 c6 2. d4 d5 3. e5 c5 4. Nf3 cxd4 5. Nxd4 Nc6 6. Nxc6 bxc6 7. Bd3 e6 8. Be3
Ba6 9. O-O Bxd3 10. cxd3 Ne7 11. Qc2 d4 12. Bf4 Qd5 13. Nd2 Ng6 14. Bg3 Be7 15.
Rac1 h5 16. h3 h4 17. Bh2 Rb8 18. Nc4 O-O 19. f4 Rb5 20. Qe2 f5 21. Rc2 c5 22.
Rfc1 Rfb8 23. b3 Nh8 24. Kf1 g6 25. Nb2 Nf7 26. Na4 Nd8 27. Bg1 Nc6 28. Bf2 Nb4
29. Rb2 Qb7 30. Be1 Nd5 31. Bd2 Qc8 32. Rbc2 Qf8 33. Kg1 a5 34. Kh2 Kf7 35. Nb2
Nb4 36. Bxb4 axb4 37. Nc4 Qd8 38. Rg1 Qd5 39. Nd2 Rg8 40. Re1 Ke8 41. Nf3 Kd7
42. Qf2 Rh8 43. Rc4 Ke8 44. Rg1 Ra5 45. Rc2 Kd7 46. Rc4 Ke8 47. Rc2 Kd7 48. Rgc1
Ke8 49. Rg1 1/2-1/2

[Event "Olimpiade 2022 - Open"]
[Site "Chennai"]
[Date "07.08.2022"]
[Round "9.36"]
[Board "1"]
[White "Kiik, Kalle"]
[Black "Khusenkhojaev, Muhammad"]
[Result "1/2-1/2"]
[WhiteTitle "IM"]
[BlackTitle "IM"]
[WhiteElo "2365"]
[BlackElo "2397"]
[WhiteTeam "Estonia"]
[BlackTeam "Tajikistan"]
[WhiteFideId "4500075"]
[BlackFideId "14700247"]
[EventDate "2022.07.29"]

1. e4 e5 2. Bc4 Nf6 3. d4 exd4 4. Nf3 Nxe4 5. Qxd4 Nf6 6. Nc3 Nc6 7. Qh4 Be7 8.
Bg5 d6 9. O-O-O Be6 10. Rhe1 Bxc4 11. Qxc4 O-O 12. Kb1 Qd7 13. Bxf6 Bxf6 14. Nd5
Bd8 15. Re3 a5 16. a3 Rb8 17. Qf4 Ne7 18. h4 Nxd5 19. Rxd5 b5 20. g4 b4 21. g5
bxa3 22. Rxa3 Qh3 23. Rd1 Rb4 24. Qe3 a4 25. Rd4 Rxd4 26. Qxd4 Qf1+ 27. Ka2 Qe2
28. Qxa4 Qxf2 29. Qc6 g6 30. c3 Qe3 31. Nd4 h6 32. gxh6 Qxh6 33. Ra4 Qh5 34. Nb5
Bxh4 35. Nxc7 Bg3 36. Nd5 Be5 37. Ra8 Qg4 38. Rxf8+ Kxf8 39. b4 Kg7 40. Ka3 Qe2
41. b5 g5 42. b6 Qa6+ 43. Kb3 g4 44. Qc4 Qxc4+ 45. Kxc4 g3 46. Ne3 d5+ 47. Kxd5
f6 48. Ke6 Kf8 49. c4 Ke8 50. c5 Bd4 1/2-1/2

[Event "Olimpiade 2022 - Open"]
[Site "Chennai"]
[Date "07.08.2022"]
[Round "9.36"]
[Board "3"]
[White "Volodin, Aleksandr"]
[Black "Sharifov, Mekhriddin"]
[Result "1/2-1/2"]
[WhiteTitle "GM"]
[WhiteElo "2454"]
[BlackElo "2097"]
[WhiteTeam "Estonia"]
[BlackTeam "Tajikistan"]
[WhiteFideId "4501950"]
[BlackFideId "14701545"]
[EventDate "2022.07.29"]

1. d4 Nf6 2. c4 e6 3. Nf3 b6 4. a3 Bb7 5. Nc3 d5 6. cxd5 Nxd5 7. Qc2 Nxc3 8.
Qxc3 h6 9. g3 Nd7 10. Bg2 Be7 11. Bf4 Rc8 12. Rd1 Nf6 13. Qc2 O-O 14. O-O Qe8
15. b4 c5 16. bxc5 bxc5 17. dxc5 Rxc5 18. Qb2 Bd5 19. Ne5 Rb5 20. Qa1 Bxg2 21.
Kxg2 Qa8+ 22. Kg1 Nd5 23. Bd2 Rb3 24. a4 Ra3 25. Qd4 Bf6 26. a5 Qb8 27. Qc5 Be7
28. Qd4 Bf6 29. f4 Rd8 30. Qc5 Be7 31. Qf2 Qa8 32. Qg2 Ra2 33. Qf3 Bc5+ 34. Kh1
Nf6 35. Qxa8 Rxa8 36. Nd3 Be7 37. Nc1 Ra3 38. Kg2 Bd8 39. Rf3 Ra4 40. Nb3 Rb8
41. Rd3 Be7 42. Nd4 Bc5 43. Nc6 Rc8 44. Ne5 Bf8 45. Kf3 a6 46. Be1 Ra3 47. Rxa3
Bxa3 48. Rb1 Nd5 49. e4 Nc7 50. Rb7 f5 51. Nc4 Bc5 52. Nb6 Bxb6 53. Rxb6 Nb5 54.
Ke3 Na3 55. Kf3 Nc2 56. Bd2 Rd8 57. Bc1 Rd3+ 58. Kf2 fxe4 59. Rxe6 Rf3+ 60. Kg2
Ne1+ 61. Kg1 Rc3 62. Bb2 Nf3+ 63. Kf1 Rc2 64. Ba3 Nxh2+ 65. Ke1 Nf3+ 66. Kd1
Rd2+ 67. Kc1 Rd3 68. Bb4 Rd4 69. Bc3 Rd3 70. Kb2 Nd2 71. Rxa6 Nc4+ 72. Kb3 Nd6
73. Kc2 Nb5 74. Bb2 Rxg3 75. Rc6 Rg2+ 76. Kb3 e3 77. a6 e2 78. Rc1 Rg6 79. Kb4
Nc7 80. Be5 Rxa6 81. Re1 Nd5+ 82. Kc5 Ra5+ 83. Kd4 Ne7 84. Rxe2 Nc6+ 85. Ke4 Kf7
86. Rb2 1/2-1/2

[Event "Olimpiade 2022 - Open"]
[Site "Chennai"]
[Date "07.08.2022"]
[Round "9.37"]
[Board "1"]
[White "Stanojoski, Zvonko"]
[Black "Harper, Ryan"]
[Result "1-0"]
[WhiteTitle "GM"]
[BlackTitle "FM"]
[WhiteElo "2412"]
[BlackElo "2208"]
[WhiteTeam "North Macedonia"]
[BlackTeam "Trinidad & Tobago"]
[WhiteFideId "15000257"]
[BlackFideId "7700156"]
[EventDate "2022.07.29"]

1. e4 c5 2. Nf3 Nc6 3. Bb5 e5 4. O-O Bd6 5. c3 a6 6. Ba4 b5 7. Bc2 Qc7 8. Re1
Nge7 9. d3 Ng6 10. Nbd2 Be7 11. Nf1 O-O 12. Ne3 d6 13. d4 exd4 14. cxd4 cxd4 15.
Nd5 Qa7 16. a4 b4 17. Nxe7+ Ngxe7 18. Bf4 Ng6 19. Bxd6 Re8 20. h3 Nge5 21. Bb3
Be6 22. Bd5 Nxf3+ 23. Qxf3 Qd7 24. e5 Bxd5 25. Qxd5 h6 26. Rac1 Rac8 27. Rc5 Ne7
28. Bxe7 Qxe7 29. Rxc8 Rxc8 30. Qxd4 Qc5 31. Qd7 Qc6 32. Qg4 Qc4 33. Re4 Qc1+
34. Kh2 a5 35. b3 Qc7 36. Qg3 Qd7 37. Rg4 g6 38. Qf4 Qe6 39. Rg3 Rc3 40. Qf6
Qxf6 41. exf6 Kh7 42. h4 g5 43. h5 Rc5 44. Kh3 Rf5 45. Rf3 g4+ 46. Kxg4 Rg5+ 47.
Kf4 Rxg2 48. Ke4 Rg1 49. Rg3 Rh1 50. Rg7+ Kh8 51. Rxf7 Rxh5 52. Rb7 Rh3 53. Rb8+ 1-0

[Event "Olimpiade 2022 - Open"]
[Site "Chennai"]
[Date "07.08.2022"]
[Round "9.37"]
[Board "2"]
[White "Johnson, Joshua"]
[Black "Risteski, Emil"]
[Result "0-1"]
[WhiteTitle "FM"]
[BlackTitle "FM"]
[WhiteElo "2178"]
[BlackElo "2405"]
[WhiteTeam "Trinidad & Tobago"]
[BlackTeam "North Macedonia"]
[WhiteFideId "7700768"]
[BlackFideId "15005267"]
[EventDate "2022.07.29"]

1. d4 Nf6 2. c4 g6 3. Nc3 Bg7 4. e4 d6 5. Be2 O-O 6. Be3 a5 7. g4 c5 8. g5 Ng4
9. Bxg4 Bxg4 10. Qxg4 cxd4 11. Bxd4 Bxd4 12. Nge2 Bg7 13. Rd1 a4 14. O-O Ra5 15.
Rd2 Nc6 16. f4 Qb6+ 17. Kh1 Qb4 18. f5 Ne5 19. Qh3 Nxc4 20. a3 Qb6 21. Rd5 gxf5
22. Rxa5 Qxa5 23. Nd5 Re8 24. Qxf5 Ne5 25. Ng3 Qd8 26. Nh5 Qd7 27. Qf2 Qg4 28.
Nhf4 Qxg5 29. Rg1 Qh6 30. Qc2 Ng6 31. Qxa4 Rf8 32. Rg3 e6 33. Rh3 Qg5 34. Rg3
Qd8 35. Nxg6 hxg6 36. Ne3 Be5 37. Rh3 Qb6 38. Nc4 Qc5 39. Qb3 Rc8 40. Nxe5 Qxe5
41. Re3 Rc1+ 42. Kg2 Qg5+ 43. Rg3 Qd2+ 44. Kh3 Rc2 45. Rxg6+ fxg6 46. Qxe6+ Kf8
47. Qf6+ Ke8 48. Qxg6+ Kd8 49. Qf6+ Kc7 50. Qf7+ Kb8 51. Qe8+ Rc8 0-1

[Event "Olimpiade 2022 - Open"]
[Site "Chennai"]
[Date "07.08.2022"]
[Round "9.37"]
[Board "4"]
[White "Winter Atwell, Adrian"]
[Black "Nikolovski, Nikola"]
[Result "0-1"]
[WhiteTitle "FM"]
[BlackTitle "IM"]
[WhiteElo "2250"]
[BlackElo "2366"]
[WhiteTeam "Trinidad & Tobago"]
[BlackTeam "North Macedonia"]
[WhiteFideId "7700750"]
[BlackFideId "15002314"]
[EventDate "2022.07.29"]

1. e4 e6 2. d4 d5 3. exd5 exd5 4. c4 Nf6 5. Nc3 Bb4 6. Bd3 dxc4 7. Bxc4 O-O 8.
Ne2 Nbd7 9. O-O Nb6 10. Bb3 c6 11. Bg5 Re8 12. Qd3 Be6 13. Bc2 Bc4 14. Qh3 h6
15. Bxf6 Qxf6 16. Bd3 Bxc3 17. bxc3 Rxe2 18. Bxe2 Bxe2 19. Rfe1 Bc4 20. a4 Be6
21. Qg3 Qd8 22. a5 Nc4 23. a6 b5 24. Re2 Qg5 25. Qc7 Bd5 26. f4 Qg4 27. Rf2 Ne3
28. g3 Nd1 29. Rd2 Qf3 30. Raxd1 Qh1+ 31. Kf2 Qg2+ 32. Ke1 Re8+ 0-1

[Event "Olimpiade 2022 - Open"]
[Site "Chennai"]
[Date "07.08.2022"]
[Round "9.38"]
[Board "1"]
[White "Hernandez Guerrero, Gilberto"]
[Black "Makoto, Rodwell"]
[Result "1/2-1/2"]
[WhiteTitle "GM"]
[BlackTitle "IM"]
[WhiteElo "2560"]
[BlackElo "2346"]
[WhiteTeam "Mexico"]
[BlackTeam "Zimbabwe"]
[WhiteFideId "5100011"]
[BlackFideId "11000120"]
[EventDate "2022.07.29"]

1. e4 e5 2. Nf3 Nc6 3. Bb5 a6 4. Ba4 Nf6 5. d3 b5 6. Bb3 Bc5 7. Nc3 h6 8. Nd5 d6
9. c3 O-O 10. Nxf6+ Qxf6 11. Bd5 Bd7 12. Rg1 Ne7 13. Bxa8 Rxa8 14. Be3 Ng6 15.
d4 exd4 16. Bxd4 Qe6 17. Bxc5 dxc5 18. Qd5 Qxd5 19. exd5 Nf4 20. Kd2 Rd8 21. g3
Nh3 22. Rgf1 Bg4 23. Ng1 Rxd5+ 24. Kc2 Rh5 25. Nxh3 Rxh3 26. Kd2 Rxh2 27. Ke3
Rh5 28. f3 Be6 29. Rfd1 Re5+ 30. Kf2 Bd5 31. Rd3 Rf5 32. a4 h5 33. a5 b4 34. Re1
Kf8 35. Rde3 g6 36. Re8+ Kg7 37. R1e3 bxc3 38. bxc3 c6 39. Ra8 Bc4 40. Rc8 Rf6
41. Ree8 Rf5 42. Rxc6 Bb5 43. Rec8 Bxc6 44. Rxc6 c4 45. Rxa6 Rd5 46. Rc6 Rxa5 1/2-1/2

[Event "Olimpiade 2022 - Open"]
[Site "Chennai"]
[Date "07.08.2022"]
[Round "9.39"]
[Board "2"]
[White "Smith, Shreyas"]
[Black "Cawdery, Daniel"]
[Result "1/2-1/2"]
[WhiteTitle "FM"]
[BlackTitle "IM"]
[WhiteElo "2147"]
[BlackElo "2417"]
[WhiteTeam "Jamaica"]
[BlackTeam "South Africa"]
[WhiteFideId "7400713"]
[BlackFideId "14300249"]
[EventDate "2022.07.29"]

1. e4 c5 2. c3 Nf6 3. e5 Nd5 4. d4 cxd4 5. Nf3 Nc6 6. Bc4 Nb6 7. Bb3 d5 8. exd6
Qxd6 9. O-O Be6 10. Na3 Bxb3 11. axb3 e6 12. Nb5 Qb8 13. Nfxd4 Be7 14. Qg4 O-O
15. Bf4 Qc8 16. Nxc6 Qxc6 17. Nxa7 Qe4 18. Rae1 Qd3 19. Be5 Qg6 20. Qd4 Nd5 21.
Nb5 Rfd8 22. Rd1 Qh5 23. Qe4 Bf8 24. Rd4 f5 25. Qe1 Bc5 26. Rd3 f4 27. Bd4 Qf5
28. Bxc5 Qxd3 29. Qxe6+ Kh8 30. Nd6 Rxd6 31. Bxd6 f3 32. Re1 h6 33. gxf3 Nf6 34.
Be5 Re8 35. Qh3 Qg6+ 36. Qg3 Qf5 37. Re4 Nh5 38. Bxg7+ Nxg7 39. Rxe8+ Nxe8 40.
Qb8 Qg6+ 41. Kf1 Qd3+ 42. Kg2 Qg6+ 43. Qg3 Qf7 44. h4 Nf6 45. Qf4 Kg7 46. c4
Qg6+ 47. Kh3 Qb1 48. Qc7+ Kg6 49. Qb6 Qxb2 50. Kg2 Qe5 51. Qxb7 Qf4 52. h5+ Kxh5
53. Qg7 Qg5+ 54. Qxg5+ Kxg5 55. b4 Kf4 56. c5 Nd7 57. c6 Nb6 58. b5 h5 59. Kh3
Kxf3 1/2-1/2

[Event "Olimpiade 2022 - Open"]
[Site "Chennai"]
[Date "07.08.2022"]
[Round "9.40"]
[Board "1"]
[White "Mansour, Sameer"]
[Black "Tologon tegin, Semetei"]
[Result "0-1"]
[WhiteTitle "IM"]
[BlackTitle "IM"]
[WhiteElo "2275"]
[BlackElo "2378"]
[WhiteTeam "Jordan"]
[BlackTeam "Kyrgyzstan"]
[WhiteFideId "8100144"]
[BlackFideId "13800574"]
[EventDate "2022.07.29"]

1. c4 b6 2. d4 Bb7 3. Nc3 e6 4. e4 Bb4 5. f3 Ne7 6. Bd3 f5 7. Ne2 fxe4 8. fxe4
O-O 9. a3 Bxc3+ 10. Nxc3 Nbc6 11. Be3 e5 12. d5 Nd4 13. Qh5 Nb3 14. Rd1 Ng6 15.
Bc2 Nd4 16. Kd2 Qe7 17. Bd3 Nf4 18. Bxf4 Rxf4 19. Rdf1 Rh4 20. Rf7 Qd8 21. Qxe5
Kxf7 22. Qxd4 Qg5+ 23. Kd1 Qxg2 24. Rg1 Qf3+ 25. Be2 Qf6 26. Qe3 Kg8 27. Bg4 d6
28. e5 Qxe5 29. Qxe5 dxe5 30. Nb5 Bc8 31. Be2 Bd7 32. Nxc7 Rc8 33. Ne6 Bxe6 34.
dxe6 Re8 35. Bg4 h5 36. Bf5 Rxh2 37. Kc1 Kf8 38. Rf1 Ke7 39. Bg6 Rf8 40. Bf7 Rc8
41. b3 b5 42. Rd1 Rc7 43. Rg1 bxc4 44. b4 h4 45. Rxg7 Kd6 0-1

[Event "Olimpiade 2022 - Open"]
[Site "Chennai"]
[Date "07.08.2022"]
[Round "9.42"]
[Board "1"]
[White "Bwalya, Gillan"]
[Black "Nassr, Ali"]
[Result "1/2-1/2"]
[WhiteTitle "IM"]
[BlackTitle "IM"]
[WhiteElo "2396"]
[BlackElo "2263"]
[WhiteTeam "Zambia"]
[BlackTeam "Algeria"]
[WhiteFideId "8700257"]
[BlackFideId "7900520"]
[EventDate "2022.07.29"]

1. d4 d5 2. c4 dxc4 3. e3 Nf6 4. Bxc4 e6 5. Nc3 a6 6. a4 Be7 7. Nf3 O-O 8. O-O
c5 9. Qe2 Nc6 10. Rd1 cxd4 11. exd4 Nb4 12. Bf4 Nbd5 13. Bg3 b6 14. Ne5 Bb7 15.
Bd3 Nb4 16. Bb1 Rc8 17. Ng4 Nxg4 18. Qxg4 g6 19. Be5 Nd5 20. Ne2 Bd6 21. Ng3 f5
22. Qe2 Bxe5 23. Qxe5 Qf6 24. Qxf6 Rxf6 25. Ne2 Rf7 26. Ra3 Rfc7 27. h4 Kf7 28.
Kh2 a5 29. Bd3 Nb4 30. Nf4 Nd5 31. Ne2 h6 32. Bb1 Ba6 33. Bd3 Bxd3 34. Raxd3 Rc4
35. b3 Rc2 36. R3d2 g5 37. hxg5 hxg5 38. Kg1 Rxd2 39. Rxd2 Ke7 40. Kf1 Kd6 41.
g3 Rc7 42. Kg2 Nc3 43. Ng1 Ne4 44. Rb2 Kd5 45. Ne2 Rc6 46. b4 axb4 47. Rxb4 Rc2
48. Kf1 Nd2+ 49. Ke1 Nc4 50. Rb5+ Kd6 51. Rb4 1/2-1/2

[Event "Olimpiade 2022 - Open"]
[Site "Chennai"]
[Date "07.08.2022"]
[Round "9.43"]
[Board "1"]
[White "Msellek, Ilyass"]
[Black "Kulpruethanon, Thanadon"]
[Result "1/2-1/2"]
[WhiteTitle "IM"]
[BlackTitle "FM"]
[WhiteElo "2398"]
[BlackElo "2294"]
[WhiteTeam "Morocco"]
[BlackTeam "Thailand"]
[WhiteFideId "675938"]
[BlackFideId "6201610"]
[EventDate "2022.07.29"]

1. e4 e5 2. Nf3 Nc6 3. Bb5 a6 4. Ba4 Nf6 5. O-O Be7 6. Re1 b5 7. Bb3 d6 8. c3
O-O 9. h3 Bb7 10. d4 Re8 11. Nbd2 Bf8 12. a3 h6 13. Bc2 Nb8 14. b4 Nbd7 15. Bb2
Rc8 16. c4 c5 17. bxc5 exd4 18. cxd6 bxc4 19. Bxd4 c3 20. Nb1 Nxe4 21. Bxe4 Rxe4
22. Nxc3 Rf4 23. Re3 Rc4 24. Qd3 Qc8 25. Ne2 Rxf3 26. gxf3 Rc6 27. Ng3 Rxd6 28.
Nf5 Rg6+ 29. Kh1 Nc5 30. Bxc5 Qxc5 31. Rg1 Qc8 32. Kh2 Rf6 33. Rxg7+ Kh8 34.
Rh7+ Kg8 35. Rg7+ Kh8 36. Rh7+ Kg8 37. Rg7+ Kh8 1/2-1/2